[Event "Dragons-Fermi"]
[Site "?"]
[Date "2001.10.01"]
[Round "?"]
[White "Tegel, F."]
[Black "Spiegel, L."]
[Result "1/2-1/2"]
[WhiteElo "2074"]
[BlackElo "2071"]
[PlyCount "35"]
[EventDate "2001.??.??"]

1. Nf3 Nf6 2. g3 g6 3. Bg2 Bg7 4. c4 d5 5. d4 O-O 6. O-O c6 7. Nc3 Na6 8. Ne5
Nc7 9. b3 Ng4 10. Nxg4 Bxg4 11. h3 Be6 12. c5 Qd7 13. Kh2 f5 14. f4 Bf7 15. e3
Ne6 16. Qd3 b6 17. b4 b5 18. Bd2 1/2-1/2

[Event "Fermi-Dragons"]
[Site "?"]
[Date "2001.10.01"]
[Round "?"]
[White "Gaines, I."]
[Black "Ludwig, T."]
[Result "1-0"]
[WhiteElo "1735"]
[BlackElo "1996"]
[PlyCount "71"]
[EventDate "2001.??.??"]

1. d4 Nf6 2. c4 g6 3. Nc3 Bg7 4. e4 O-O 5. Be2 d6 6. Bg5 c5 7. d5 h6 8. Bf4
Nbd7 9. Qd2 9... Kh7 { } 10. h4 Ne5 11. Bxe5 {
White usually needs this Bishop to crack opponent's Kingside.} 11... dxe5 12.
Nf3 12... a6 { } 13. a4 ({Did both sides examine the trading lines? White
definitely needs to hold back here:} 13. Nxe5 {allows} 13... Nxe4 14. Nxf7 $2 {
} {Clearly wrong for Black is} 14... Qc7 (14... Nxd2 $1 15. Nxd8 Nxc4 (15...
Rxd8 16. Kxd2 {and White is still a Pawn up}) {Now White has to capture Knight.
} 16. Bxc4 (16. Nxb7 $2 16... Nxb2 {  Not just winning the Pawn, but
undermining c3-Knight. Black threatens both Bxc3+ and Bxb7} 17. Nxc5 (17. Rb1
Bxb7 18. Rxb2 18... Bxc3+ {and wins easily})) 16... Rxd8 {
Black threatens Bxc3, then b5, possibly c4, and finally Rxd5} 17. O-O Bxc3 18.
bxc3 b5 19. Be2 { } 19... Bb7 (19... Rxd5 $2 20. Bf3 {
Wins the exchange as Black must reply Bb7 to stop loss of Rook.})) ({
Simply wrong is} 14... Rxf7 15. Nxe4) 15. Nxe4 15... Rxf7 {White is a Pawn up})
13... b6 14. O-O Qc7 15. Rfe1 Bd7 16. Bd3 { } 16... Ne8 17. Qc2 Nd6 18. Re3 {
threatening to double on weak e5-Pawn, so Black refrains from opening e-file
(avoids -f5 Pawn break).} (18. h5 {with idea Nh4 and then f4} 18... g5) 18...
Rab8 19. b3 Nxe4 20. Nxe4 20... f5 { The piece sac is temporary since if
e4-Knight moves, Black smashes with e4! Not just forking minors, but
unleashing g7-Bishop on loose Rook. White realizes he need not hold extra
material and maintains the blockade of e-Pawn!} 21. Rae1 fxe4 22. Bxe4 {
Material is even, but Black has mistakenly opened lines to his weaknesses,
namely the e5- and g6- Pawns.} 22... Bf5 23. h5 $1 {
nicely undermining Bishop support} 23... e6 24. dxe6 Bxe6 25. Bxg6+ Kg8 26.
Nxe5 { White suddenly finds himself with a won position.} 26... Rf6 27. Nf3 Bd7
28. Re7 28... Bf8 { } 29. Rh7 $1 29... Qc8 { } 30. Bf7+ $3 30... Rxf7 31. Rxf7
{  BLACK RESIGNED since} 31... Bg7 {is the only way to stop mate without
losing more material, but White remains way up in material.} (31... Kh8 32.
Qh7#) (31... Kxf7 32. Qg6#) {White may still have mate as well:} 32. Rxg7+
32... Kxg7 33. Qg6+ Kf8 (33... Kh8 34. Ne5 { threat: Nf7#} 34... Be8 35. Qxh6+
Kg8 36. Re3 { threat Rg3#}) 34. Ne5 Be6 (34... Be8 35. Qf6+ Kg8 36. Re3 {
and Rg3+ is impossible to meet}) 35. Qf6+ Kg8 (35... Ke8 36. Ng6 {
threatening Qe7# and Rxe6+}) 36. Re3 1-0

[Event "Fermi-Dragons"]
[Site "?"]
[Date "2001.10.01"]
[Round "?"]
[White "Staples, Carl"]
[Black "Blackmon, Eric"]
[Result "1-0"]
[WhiteElo "1552"]
[BlackElo "1739"]
[PlyCount "101"]
[EventDate "2001.??.??"]

1. c4 Nf6 2. g3 g6 3. Bg2 Bg7 4. Nc3 c5 5. Nf3 Nc6 6. O-O O-O 7. Rb1 d6 8. h3
Bf5 9. d3 h5 10. a3 Qd7 11. Kh2 Rfd8 12. e4 Be6 13. Ng5 Nd4 14. f4 Rac8 15. Be3
Nh7 16. Bxd4 cxd4 17. Nxe6 Qxe6 18. f5 Qd7 19. Nd5 Nf6 20. Nf4 b5 21. fxg6 fxg6
22. Nxg6 bxc4 23. dxc4 Rxc4 24. e5 dxe5 25. Nxe5 Qb5 26. Nxc4 Qxc4 27. Rc1 Qb5
28. b4 e5 29. Re1 Qe8 30. Be4 Nd5 31. Qb3 Qe6 32. Bxd5 Qxd5 33. Qxd5+ Rxd5 34.
Rc8+ Kh7 35. Rc7 a5 36. Kg2 axb4 37. axb4 Rb5 38. Kf3 Rxb4 39. Rxe5 Rb3+ 40.
Kf2 Rb2+ 41. Kf3 Rb3+ 42. Kf4 Kg8 43. Rxh5 d3 44. Rd7 Bb2 45. Rhd5 Bc1+ 46. Kf5
d2 47. Rd3 Rb5+ 48. Kg6 Rg5+ 49. Kf6 Rc5 50. Rd8+ Kh7 51. R3d7+ 1-0

[Event "Fermi-Dragons"]
[Site "?"]
[Date "2001.10.01"]
[Round "?"]
[White "Schultz, R."]
[Black "Salerno, S."]
[Result "0-1"]
[WhiteElo "1284"]
[BlackElo "1297"]
[PlyCount "96"]
[EventDate "2001.??.??"]

1. e4 c5 2. Nc3 d6 3. f4 Bd7 4. Nf3 e6 5. Bc4 Nc6 6. O-O Nd4 7. d3 Ne7 8. Be3
Nxf3+ 9. Qxf3 Qb6 10. Bb3 O-O-O 11. Ba4 Bxa4 12. Nxa4 Qb4 13. b3 b5 14. a3 Qa5
15. Nxc5 dxc5 16. Bxc5 Nc6 17. Qe3 Bxc5 18. Qxc5 Qb6 19. Qxb6 axb6 20. a4 bxa4
21. Rxa4 Kb7 22. f5 e5 23. g4 Ra8 24. Rxa8 Rxa8 25. g5 h6 26. gxh6 gxh6 27. c3
Ra3 28. Rb1 Ra2 29. b4 Rd2 30. b5 Na5 31. d4 exd4 32. cxd4 Rxd4 33. e5 Rd5 34.
Re1 Kc7 35. e6 fxe6 36. f6 Kd7 37. f7 Rf5 38. Rd1+ Ke7 39. Rc1 Rxf7 40. Rc7+
Kf6 41. Rc2 Ke5 42. Kg2 Kd5 43. Kg3 Nc4 44. Kh4 Rf6 45. Rc1 Kc5 46. Rb1 Na3 47.
Rb3 Nxb5 48. Kh5 Nd4 0-1

[Event "Pawns-Chargers"]
[Site "?"]
[Date "2001.10.02"]
[Round "?"]
[White "Jakstas, K."]
[Black "Marcowka"]
[Result "1-0"]
[WhiteElo "2121"]
[BlackElo "2007"]
[PlyCount "61"]
[EventDate "2001.??.??"]

1. d4 Nf6 2. Nf3 c5 3. c3 Qc7 4. g3 cxd4 5. cxd4 d6 6. Nc3 Bg4 7. Bg2 g6 8. Bg5
Nbd7 9. O-O Qa5 10. Qd2 h6 11. Bxf6 Nxf6 12. Ne4 Qxd2 13. Nxf6+ exf6 14. Nxd2
Bc8 15. Rac1 Be7 16. Rc3 Rb8 17. Rfc1 O-O 18. Rc7 Re8 19. a3 f5 20. e3 g5 21.
Bd5 a6 22. b4 Kg7 23. Nc4 Kf6 24. Nb6 Be6 25. Bxe6 Kxe6 26. d5+ Ke5 27. Nd7+
Kxd5 28. Nxb8 f4 29. exf4 gxf4 30. Rd1+ Ke6 31. Re1+ 1-0

[Event "Chargers-Pawns"]
[Site "?"]
[Date "2001.10.02"]
[Round "?"]
[White "Dobrovolny, Chuck"]
[Black "Ellice, Wayne"]
[Result "1/2-1/2"]
[WhiteElo "1802"]
[BlackElo "1919"]
[PlyCount "47"]
[EventDate "2001.??.??"]

1. e4 e5 2. f4 exf4 3. Nf3 g5 4. Bc4 d6 5. d3 g4 6. O-O gxf3 7. Qxf3 Bh6 8. Nc3
Be6 9. Bxe6 fxe6 10. Qh5+ Kd7 11. Bxf4 Bxf4 12. Rxf4 Ne7 13. Raf1 Nbc6 14. Qh3
Nd4 15. Rf7 Kc6 16. Qe3 e5 17. Nd5 Nxd5 18. exd5+ Kb5 19. c3 Nc6 20. dxc6 Kxc6
21. Qe4+ Kb6 22. Qb4+ Ka6 23. Qa4+ Kb6 24. Qb4+ 1/2-1/2

[Event "Pawns-Chargers"]
[Site "?"]
[Date "2001.10.02"]
[Round "?"]
[White "Fabijonas, R."]
[Black "Radavicius, E."]
[Result "1-0"]
[WhiteElo "1670"]
[BlackElo "1615"]
[PlyCount "65"]
[EventDate "2001.??.??"]

1. d4 d5 2. c4 dxc4 3. Nc3 Nf6 (3... e5 {
is the QGA way, keeping White from the enormous center he now gains.}) 4. e4 c6
5. Bxc4 e6 6. Nf3 Bb4 7. Bg5 7... Be7 {
Giving a tempo in the opening adds to White's hopes.} 8. Qc2 h6 9. Bxf6 9...
Bxf6 { White has a ready-made Kingside attack} 10. e5 Be7 11. O-O O-O 12. Rad1
{ Note the difference in "preparedness"- White is fully-loaded for action.}
12... f5 $2 {
weakens the entire position. Black's King isn't in huge trouble, yet...} (12...
Nd7 {
with many normal themes: Qc7 and c5, Nb6 and Nd5, or the defensive Re8 and Nf8}
) 13. d5 $1 {perfect way to punish the mistake!} 13... cxd5 14. Nxd5 $1 {
Well-done, capturing the Knight will allow Bxd5+ followed by Bxb7, discovering
d1-Rook onto Queen.} 14... Bd7 15. Nf4 Qc8 16. Qb3 {
The whole mess was brought on by 12- f5} 16... Kh7 17. Nxe6 {good enough} (17.
Rc1 $1 {looking down c-file to Queen} 17... Qe8 (17... Qd8 18. Rfd1 $1 ({
Also OK is} 18. Nxe6 18... Bxe6 19. Qxb7)) 18. Nxe6 {idea of Nxf8 or Nc7 fork}
18... Bxe6 19. Qxb7 Bxc4 20. Rxc4 Nd7 21. Rc7 {  looks crushing, but} 21... Rd8
22. e6 Nc5 23. Qxa7 { } 23... Ra8 24. Qb6 24... Rxa2 {Black has survived!})
17... Bxe6 18. Bxe6 18... Qc5 { } 19. Rc1 (19. Qxb7 $1 19... Nc6 (19... Qc6 20.
Bd5 {wins the exchange}) 20. Rc1 Rab8 21. Qxc6 $1) 19... Qb4 20. Qc2 g6 21. Qc7
21... Nc6 { } 22. Rxc6 $1 {very nice, see next move} 22... bxc6 23. a3 {
The point to his exchange sac: Black Queen is forced off Be7 protection!} 23...
Qxb2 24. Qxe7+ Kh8 25. Nh4 { threat Nxg6#} 25... Rg8 26. Bxg8 Rxg8 27. Qf6+
27... Kh7 { } 28. Rd1 {
Absolutely relentless!!  Threat is now Rd7+ and mate next.} 28... Rg7 29. Nxf5
$1 { threat Qxg7#} 29... Qb7 (29... gxf5 $4 30. Qxf5+ Rg6 (30... Kh8 31. Rd8+
Rg8 32. Qf6+ Kh7 33. Rd7+ Rg7 34. Qxg7#) 31. Rd7+ Kh8 32. Qf8+ (32. Qxg6 $4
32... Qc1+ {and BLACK mates!!}) 32... Rg8 33. Qf6+ Rg7 34. Qxg7#) 30. Qxg7+
Qxg7 31. Nxg7 31... Kxg7 { } 32. Rd7+ Kf8 33. Rxa7 {
Pretty impressive play. Black's slow Queenside development was bigtime trouble.
} 1-0

[Event "Chargers-Pawns"]
[Site "?"]
[Date "2001.10.02"]
[Round "?"]
[White "Stamm, Vern"]
[Black "Mikulecky, Bob"]
[Result "1-0"]
[WhiteElo "1451"]
[BlackElo "1503"]
[PlyCount "91"]
[EventDate "2001.??.??"]

1. e4 e5 2. Nf3 Nc6 3. Nc3 Bc5 4. Bc4 h6 5. O-O Nf6 6. a3 O-O 7. h3 d6 8. d3 a6
9. b4 Ba7 10. Re1 Nd4 11. Be3 c6 12. Bxd4 exd4 13. Ne2 b5 14. Ba2 c5 15. bxc5
dxc5 16. Qd2 Bb8 17. Nf4 Kh7 18. Nd5 Qd6 19. e5 Qc6 20. exf6 g6 21. Ne5 Bxe5
22. Rxe5 Bb7 23. f3 Rad8 24. Nf4 Qxf6 25. Rxc5 Rfe8 26. Rc7 Re7 27. Rxe7 Qxe7
28. Bb3 Rd7 29. a4 b4 30. Re1 Qg5 31. Kf2 h5 32. Qc1 h4 33. Ne2 Qf5 34. Qf4 Qc5
35. Qxh4+ Kg7 36. Qg4 Rd6 37. Qf4 Bd5 38. Qxd4+ Qxd4+ 39. Nxd4 Bxb3 40. Nxb3
Rc6 41. Re2 Kf6 42. Ke3 Re6+ 43. Kd2 Rc6 44. Re4 Rb6 45. Nc5 a5 46. Nd7+ 1-0

[Event "Pawns-Chargers"]
[Site "?"]
[Date "2001.10.02"]
[Round "?"]
[White "O'Dell, David"]
[Black "Dobr, Karel"]
[Result "0-1"]
[WhiteElo "1445"]
[BlackElo "1419"]
[PlyCount "105"]
[EventDate "2001.??.??"]

1. e4 e5 2. Nf3 d6 3. h3 Nf6 4. Nc3 Be7 5. Bc4 O-O 6. O-O Be6 7. Bb3 Nc6 8. d4
Bxb3 9. axb3 Nxd4 10. Nxd4 exd4 11. Qxd4 c5 12. Qe3 Re8 13. f3 Bf8 14. Qf2 Qc7
15. Bf4 b6 16. Rfe1 Re6 17. Rad1 a6 18. Bg5 Be7 19. Bxf6 Bxf6 20. Nd5 Qd8 21.
c3 Bh4 22. g3 Rg6 23. Kh2 Bxg3+ 24. Qxg3 Rxg3 25. Kxg3 Qg5+ 26. Kh2 b5 27. Rg1
Qe5+ 28. Kh1 Rc8 29. h4 Qe6 30. Rg3 Re8 31. Nc7 Qe5 32. Rg5 Qf4 33. Kg2 Qxh4
34. Rg4 Qe7 35. Nxe8 Qxe8 36. Rxd6 Qc8 37. e5 g6 38. Rf4 Qc7 39. Rff6 Kg7 40.
f4 Qb7+ 41. Rc6 a5 42. Kg3 Qe7 43. Ra6 Qd7 44. Rfd6 Qc7 45. Rac6 Qa7 46. Rd5 c4
47. Rdc5 cxb3 48. Rc7 Qb6 49. Kf3 h5 50. R7c6 Qb7 51. Kg3 Qd7 52. e6 Qd3+ 53.
Kh4 0-1

[Event "Kings-Excaliburs"]
[Site "?"]
[Date "2001.10.05"]
[Round "?"]
[White "Melnikov, I."]
[Black "Inumerable, Florin"]
[Result "0-1"]
[WhiteElo "2058"]
[BlackElo "2270"]
[PlyCount "67"]
[EventDate "2001.??.??"]

1. d4 g6 2. c4 Bg7 3. Nc3 c5 4. d5 d6 5. Nf3 Na6 6. e4 Nc7 7. Bf4 a6 8. e5 Bg4
9. exd6 exd6 10. Qe2+ Kf8 11. h3 Bxc3+ 12. bxc3 Qf6 13. Qd2 Bxf3 14. gxf3 h6
15. Rb1 Re8+ 16. Be2 b5 17. Kf1 g5 18. Bg3 Ne7 19. cxb5 axb5 20. Kg2 c4 21. a4
Ncxd5 22. Rxb5 Nf4+ 23. Bxf4 gxf4 24. Kh2 d5 25. Rg1 Rg8 26. Rg4 Rxg4 27. fxg4
Ra8 28. a5 Ra6 29. Bf3 Rd6 30. Qb2 Qe5 31. Qa3 h5 32. gxh5 Qf5 33. Rb6 Rxb6 34.
axb6 {scoresheets unreadable.  Black blocked the passer, traded Queens and
forced the c-Pawn through.} 0-1

[Event "Excaliburs-MotKings"]
[Site "?"]
[Date "2001.10.05"]
[Round "?"]
[White "Sollano, Ely"]
[Black "Wallach, Cliff"]
[Result "0-1"]
[WhiteElo "2005"]
[BlackElo "1959"]
[PlyCount "68"]
[EventDate "2001.??.??"]

1. Nf3 d5 2. c4 e6 3. g3 Nf6 4. Bg2 c5 5. O-O Nc6 6. b3 Be7 7. Bb2 O-O 8. Na3
d4 9. d3 e5 10. Nd2 Be6 11. Nc2 Qd7 12. Ne4 Bh3 13. Nxf6+ Bxf6 14. a3 Be7 15.
Qd2 a5 16. Rab1 Bxg2 17. Kxg2 Bd6 18. e3 Rfe8 19. Rbe1 Rad8 20. exd4 exd4 21.
Rxe8+ Rxe8 22. Re1 Ne5 23. h3 Qc6+ 24. Re4 f5 25. f3 fxe4 26. fxe4 b6 27. Ne1
Rf8 28. Qe2 Qe8 29. Bc1 Qg6 30. g4 Be7 31. Kh1 Bg5 32. Bb2 Qf6 33. Kg2 Bh4 34.
Bc1 Bxe1 0-1

[Event "MotKings-Excaliburs"]
[Site "?"]
[Date "2001.10.05"]
[Round "?"]
[White "Piparia, Jankesh"]
[Black "Sullivan, Jim"]
[Result "1-0"]
[WhiteElo "1880"]
[BlackElo "1811"]
[PlyCount "57"]
[EventDate "2001.??.??"]

1. d4 d5 2. c4 e6 3. Nc3 Nf6 4. Nf3 Bb4 5. Bg5 h6 6. Bxf6 Qxf6 7. a3 Bxc3+ 8.
bxc3 O-O 9. e3 c5 10. Be2 Nc6 11. O-O a6 12. Qc2 dxc4 13. Bxc4 b5 14. Bd3 c4
15. Bh7+ Kh8 16. Be4 Bb7 17. Ne5 Nxe5 18. Bxb7 Qg5 19. dxe5 Ra7 20. f4 Qe7 21.
Bf3 Qc5 22. Qd2 a5 23. Qd4 Qe7 24. Rfd1 b4 25. axb4 axb4 26. Rxa7 Qh4 27. cxb4
g5 28. fxg5 Qxg5 29. Qf4 1-0

[Event "MotKing-Excaliburs"]
[Site "?"]
[Date "2001.10.05"]
[Round "?"]
[White "Goncharoff, Nic"]
[Black "Kogan, Greg"]
[Result "1/2-1/2"]
[WhiteElo "1700"]
[BlackElo "1809"]
[PlyCount "88"]
[EventDate "2001.??.??"]

1. e4 c5 2. Nf3 Nc6 3. Bc4 e6 4. a3 d5 5. exd5 exd5 6. Qe2+ Be7 7. Bb5 Nf6 8.
O-O O-O 9. Bxc6 bxc6 10. h3 Rb8 11. d3 Ba6 12. Nbd2 Bd6 13. Re1 Bc7 14. Qd1 Qd6
15. Nf1 c4 16. dxc4 Bxc4 17. b3 Bb5 18. a4 Ba6 19. Ba3 c5 20. c3 Ne4 21. Qc2
Qb6 22. b4 cxb4 23. Bxb4 Rfc8 24. a5 Qf6 25. Ne3 Bb7 26. Rad1 Bf4 27. Nxd5 Bxd5
28. Rxd5 Rxb4 29. Rxe4 Rbb8 30. Rd1 h6 31. Qa4 Bc7 32. Re3 Rb2 33. Rde1 Rcb8
34. a6 Bb6 35. Re8+ Rxe8 36. Qxe8+ Kh7 37. Qe4+ g6 38. Rf1 Qxc3 39. Qe7 Qc4 40.
Ne5 Qf4 41. Qxf7+ Qxf7 42. Nxf7 Bc7 43. Rc1 Bb6 44. Rf1 Bc7 1/2-1/2

[Event "Excaliburs-MotKings"]
[Site "?"]
[Date "2001.10.05"]
[Round "?"]
[White "Suerth, Frank"]
[Black "Gryparis, J."]
[Result "0-1"]
[WhiteElo "1542"]
[BlackElo "1499"]
[PlyCount "108"]
[EventDate "2001.??.??"]

1. e4 g6 2. d4 Bg7 3. Nc3 d6 4. Bg5 Bf6 5. Qd2 e6 6. Nf3 Bxg5 7. Nxg5 Nc6 8.
O-O-O h6 9. Nf3 Bd7 10. d5 Nce7 11. dxe6 Bxe6 12. Qd4 Rh7 13. e5 Nf5 14. Qa4+
Qd7 15. Bb5 c6 16. Bd3 d5 17. g4 Nfe7 18. h3 Rg7 19. Nd4 f6 20. f4 f5 21. Rhg1
Qc8 22. gxf5 Bxf5 23. Bxf5 Nxf5 24. Nxf5 Qxf5 25. Nxd5 b5 26. Nc7+ Rxc7 27. Qb4
Rd8 28. Rxd8+ Kxd8 29. Rd1+ Rd7 30. b3 Rxd1+ 31. Kxd1 Qd7+ 32. Kc1 Ne7 33. Qc5
Kc8 34. Kb2 Kb7 35. a4 a6 36. a5 Nd5 37. c4 bxc4 38. bxc4 Qe7 39. Qxe7+ Nxe7
40. Kc3 c5 41. Kd3 Kc6 42. Ke4 Nf5 43. Kd3 Kd7 44. Ke4 Ke6 45. Kd3 Ng3 46. Ke3
Kf5 47. Kf3 Nh5 48. e6 Kxe6 49. Kg4 Nf6+ 50. Kh4 Kf5 51. Kg3 Ne4+ 52. Kh4 Nd2
53. Kg3 Nxc4 54. Kh4 Nxa5 0-1

[Event "Excaliburs-MotKings"]
[Site "?"]
[Date "2001.10.05"]
[Round "?"]
[White "Brotsos, Jim"]
[Black "Almaula, Jay"]
[Result "1/2-1/2"]
[WhiteElo "1515"]
[BlackElo "1274"]
[PlyCount "102"]
[EventDate "2001.??.??"]

1. e4 c5 2. Nf3 d6 3. d4 cxd4 4. Nxd4 Nc6 5. c4 a6 6. Nc3 e5 7. Nxc6 bxc6 8.
Be2 Nf6 9. O-O Rb8 10. b3 Be6 11. Ba3 Be7 12. Qd3 O-O 13. Rad1 Ne8 14. f4 Qa5
15. Bc1 Rd8 16. f5 Bc8 17. Qg3 Bf6 18. Rd3 Bb7 19. h4 d5 20. cxd5 cxd5 21. exd5
Bxd5 22. h5 e4 23. Rxd5 Rxd5 24. Nxd5 Qxd5 25. Bxa6 Nd6 26. Qg4 Qd4+ 27. Kh1 e3
28. Qxd4 Bxd4 29. Rd1 Nxf5 30. g4 Ng3+ 31. Kg2 e2 32. Re1 Bc3 33. Rxe2 Nxe2 34.
Bxe2 Rc8 35. Bc4 Rd8 36. Kf3 Rd1 37. Be3 Bd2 38. Bc5 Bc1 39. a4 g6 40. hxg6
hxg6 41. a5 Bb2 42. Ke4 Ra1 43. a6 Ba3 44. Bb6 Re1+ 45. Kd5 Rd1+ 46. Kc6 Re1
47. a7 Re8 48. Kb7 Kg7 49. a8=Q Rxa8 50. Kxa8 f5 51. gxf5 gxf5 1/2-1/2

[Event "CCDOC-Chargers"]
[Site "?"]
[Date "2001.10.15"]
[Round "?"]
[White "Williams, Kent"]
[Black "Warren, James"]
[Result "1/2-1/2"]
[WhiteElo "2082"]
[BlackElo "2097"]
[PlyCount "46"]
[EventDate "2001.??.??"]

1. e4 c6 2. Nf3 d5 3. exd5 cxd5 4. d4 Nf6 5. Bd3 Nc6 6. c3 Bg4 7. h3 Bh5 8.
Nbd2 e6 9. Qa4 Bd6 10. O-O O-O 11. Re1 Qc7 12. b4 a6 13. Bb2 b5 14. Qb3 e5 15.
dxe5 Nxe5 16. Nxe5 Bxe5 17. a4 Bg6 18. Bf1 Ne4 19. Nxe4 Bxe4 20. axb5 axb5 21.
Rxa8 Rxa8 22. Bxb5 Bh2+ 23. Kf1 Be5 1/2-1/2

[Event "Chargers-CCDOC"]
[Site "?"]
[Date "2001.10.15"]
[Round "?"]
[White "Marcowka, Bob"]
[Black "Seaton, Ed"]
[Result "1-0"]
[WhiteElo "2007"]
[BlackElo "1700"]
[PlyCount "87"]
[EventDate "2001.??.??"]

1. e4 b6 2. c4 Bb7 3. Nc3 e6 4. d4 Nf6 5. d5 Bb4 6. Bd3 exd5 7. exd5 Qe7+ 8.
Qe2 Qxe2+ 9. Ngxe2 Ng4 10. Bf4 d6 11. O-O O-O 12. Ne4 h6 13. a3 Bc5 14. b4 f5
15. Nxc5 bxc5 16. bxc5 Ne5 17. c6 Ba6 18. Bxe5 dxe5 19. Rfc1 Bc8 20. c5 e4 21.
Bb1 Na6 22. Ba2 f4 23. d6+ Kh8 24. d7 Bxd7 25. cxd7 Rad8 26. c6 Nb8 27. Bd5 f3
28. gxf3 exf3 29. Nd4 Nxd7 30. Ne6 Nb6 31. Ba2 Nc8 32. Rd1 Nd6 33. Nxc7 Rf5 34.
Ne6 Rf6 35. Nxd8 Rg6+ 36. Kf1 Rg2 37. Rxd6 Rxh2 38. Kg1 Rg2+ 39. Kh1 Rxf2 40.
Nf7+ Kh7 41. Bb1+ Kg8 42. c7 Rf1+ 43. Kh2 Rf2+ 44. Kh3 1-0

[Event "CCDOC-Chargers"]
[Site "?"]
[Date "2001.10.15"]
[Round "?"]
[White "Alexander, W."]
[Black "Dobrovolny, Chuck"]
[Result "0-1"]
[WhiteElo "1703"]
[BlackElo "1802"]
[PlyCount "52"]
[EventDate "2001.??.??"]

1. d4 Nf6 2. Nf3 g6 3. c3 Bg7 4. Nbd2 d5 5. g3 O-O 6. Bg2 b6 7. O-O Bb7 8. Qc2
Nbd7 9. Re1 c5 10. e3 Re8 11. a3 e5 12. Nb3 e4 13. Nh4 c4 14. Nd2 Ng4 15. Bh3
Ndf6 16. f3 exf3 17. Ndxf3 Bc8 18. Qe2 h6 19. Rf1 Nxe3 20. Bxc8 Nxf1 21. Qxf1
Rxc8 22. Ne5 Rxe5 23. dxe5 Ng4 24. Nf3 Qc7 25. Qd1 Qc5+ 26. Kh1 Nf2+ 0-1

[Event "Chargers-CCDOC"]
[Site "?"]
[Date "2001.10.15"]
[Round "?"]
[White "Thomas, Jerry"]
[Black "Jackson, Steve"]
[Result "1-0"]
[WhiteElo "1544"]
[BlackElo "1414"]
[PlyCount "101"]
[EventDate "2001.??.??"]

1. e4 c5 2. Nf3 d6 3. d4 Bg4 4. Bb5+ Nd7 5. dxc5 Qa5+ 6. Nc3 a6 7. Bxd7+ Bxd7
8. cxd6 exd6 9. O-O Nf6 10. Bf4 Qc7 11. Re1 Be6 12. Qd2 Be7 13. Ng5 O-O 14.
Nxe6 fxe6 15. Rad1 Rad8 16. Qe3 Nh5 17. Bg5 Bxg5 18. Qxg5 Nf4 19. Qg3 Rf7 20.
Qe3 Rdf8 21. Rf1 Qd8 22. Ne2 Nh5 23. Qb3 Qe7 24. Rd3 Kh8 25. Rh3 g6 26. Qc3+ e5
27. f3 Kg8 28. g4 Qe6 29. Qb3 Qd7 30. Kg2 Kg7 31. gxh5 gxh5 32. Rg3+ Kh8 33.
Kf2 h4 34. Rg5 Rxf3+ 35. Qxf3 Rxf3+ 36. Kxf3 Qh3+ 37. Kf2 h6 38. Rg6 Qc8 39.
Rfg1 Qf8+ 40. Ke1 Kh7 41. R6g4 Qe7 42. Nc3 h5 43. Rg7+ Qxg7 44. Rxg7+ Kxg7 45.
Ke2 Kf6 46. Nd5+ Kg5 47. Kf3 h3 48. Ne3 b5 49. c3 h4 50. b4 Kf6 51. Kg4 1-0

[Event "CCDOC-Chargers"]
[Site "?"]
[Date "2001.10.15"]
[Round "?"]
[White "Appleberry, Tony"]
[Black "Stamm, Vern"]
[Result "1-0"]
[WhiteElo "1369"]
[BlackElo "1451"]
[PlyCount "71"]
[EventDate "2001.??.??"]

1. e4 b6 2. d3 Bb7 3. Nc3 e6 4. a3 Nf6 5. Be2 Be7 6. Nf3 O-O 7. h3 d5 8. exd5
Nxd5 9. Bd2 Nc6 10. O-O Nxc3 11. Bxc3 Bf6 12. Qd2 Nd4 13. Nxd4 Bxd4 14. Bxd4
Qxd4 15. c3 Qf6 16. d4 Qg6 17. f3 Rad8 18. Bd3 Qf6 19. a4 a5 20. Qc2 g6 21. Be4
Ba6 22. Rfe1 Rd6 23. Rab1 Rfd8 24. b4 axb4 25. Rxb4 c5 26. dxc5 Rd2 27. Qb1
Qxc3 28. cxb6 Qc5+ 29. Kh1 Qf2 30. Rg1 f5 31. Bc6 Bd3 32. Qa1 Ra2 33. Qf6 Rb8
34. Qxe6+ Kg7 35. Qe7+ Kh6 36. Rh4+ 1-0

[Event "Chargers-CCDOC"]
[Site "?"]
[Date "2001.10.15"]
[Round "?"]
[White "Dobr, K."]
[Black "McGee, L."]
[Result "1-0"]
[WhiteElo "1419"]
[BlackElo "1038"]
[PlyCount "69"]
[EventDate "2001.??.??"]

1. d4 d5 2. c4 e6 3. cxd5 exd5 4. Nf3 c5 5. e3 a6 6. Bd3 Nf6 7. h3 Ne4 8. O-O
Ng5 9. Nxg5 Qxg5 10. e4 Qh4 11. Qe2 Be7 12. dxc5 Bxh3 13. gxh3 Qxh3 14. Qe3 Qh4
15. Qg3 g5 16. exd5 h5 17. Qxh4 gxh4 18. Re1 Rg8+ 19. Kh1 Kd7 20. Bf5+ Kd8 21.
d6 Ke8 22. Rxe7+ Kd8 23. Rxf7 Nc6 24. Rxb7 Nd4 25. Be4 Ne2 26. Be3 h3 27. Nc3
Ng3+ 28. fxg3 Rxg3 29. Bf4 Rg4 30. Nd5 Ke8 31. Nf6+ Kf8 32. Nxg4 hxg4 33. Bd5
Rd8 34. Bh6+ Ke8 35. Re7# 1-0

[Event "Chargers-CCDOC"]
[Site "?"]
[Date "2001.10.15"]
[Round "?"]
[White "LaForge, Wayne"]
[Black "Sandefur, Brad"]
[Result "1-0"]
[WhiteElo "1357"]
[BlackElo "1175"]
[PlyCount "65"]
[EventDate "2001.??.??"]

1. f4 d5 2. Nf3 Nc6 3. e3 e6 4. b3 Bd6 5. Bb2 Nf6 6. Bb5 {
Not just a pin, also threatens to remove an attacker of square e5.} 6... Bd7 7.
O-O Qe7 8. h3 { } 8... e5 $2 {
Apparently not realizing full point of White's 6th move.} (8... O-O-O {
Preparing the counterattack to White's King via plan of h6, Rdg8, g5, etc.  A
nice way to make White wish he hadn't played f4!}) 9. Bxc6 Bxc6 10. fxe5 {
winning Pawn and forking as well!} 10... O-O-O 11. exd6 11... Rxd6 $2 { } 12.
Ba3 {winning an exchange, goes up a full Rook} 12... Ne4 13. Bxd6 Nxd6 14. Nc3
Qf6 15. Nd4 { } 15... Re8 16. Rxf6 gxf6 17. Nxc6 17... bxc6 { } 18. Na4 Ne4 19.
b4 f5 20. Nc5 Nf6 21. Qf3 21... Ne4 { } 22. Qxf5+ Kb8 23. Nxe4 Rxe4 24. c3 Kb7
25. a4 a6 26. a5 h6 27. Rb1 27... h5 {
Of course Black has no hope and should RESIGN. White doesn't relax, however.}
28. b5 $1 28... axb5 29. Rxb5+ $1 29... Ka7 (29... cxb5 30. Qxd5+ Kb8 (30...
Ka6 $4 31. Qa8#) 31. Qxe4) 30. Qc8 $1 {realizing he doesn't need the Rook}
30... cxb5 { } 31. a6 Kb6 32. Qb7+ Kc5 (32... Ka5 33. a7 {and queens.}) 33.
Qxc7# { A wide-awake finish!!} 1-0